الأثر والدلالات الإعلامية لرسائل النبي صلى الله عليه وسلم إلى الملوك والقادة / (رقم التسجيلة. 54507)

تفاصيل مارك
000 -الفاتح
عناصر البيانات ثابتة الطول 00725cam a2200193 i 4500
005 - تاريخ ووقت آخر معاملة
حقل ضبط 20251230113858.0
008 - عناصر البيانات ثابتة الطول
عناصر البيانات ثابتة الطول 250721s1993 su gr 000 0 ara d
020 ## - الترقيم الدولي المعياري للكتب (ردمك)
الترقيم الدولي المعياري للكتب (ردمك) 9960317374
082 14 - رقم تصنيف ديوي العشري
رقم التصنيف 219
رقم المادة ع ق ي
100 1# - مدخل رئيسي – اسم شخصي
الاسم الشخصي العقيلي، أحمد محمد
علاقة الشخص بالعمل/ دوره مؤلف.
245 12 - بيان العنوان
العنوان الأثر والدلالات الإعلامية لرسائل النبي صلى الله عليه وسلم إلى الملوك والقادة /
بيان المسؤولية أحمد محمد العقيلي.
250 ## - بيان الطبعة
بيان الطبعة الطبعة الثانية.
264 31 - بيانات النشر، التوزيع…إلخ
مكان النشر، التوزيع...إلخ الرياض :
تاريخ النشر، التوزيع...إلخ 1993.
اسم الناشر، الموزع...إلخ المؤلف،
300 ## - الوصف المادي
عدد الوحدات المكونة للوعاء 284 صفحة.
650 17 - مدخل إضافي بالموضوع - مصطلح موضوعي
مصطلح موضوعي أو اسم جغرافي كعنصر مدخل رسائل النبي.
650 17 - مدخل إضافي بالموضوع - مصطلح موضوعي
مصطلح موضوعي أو اسم جغرافي كعنصر مدخل السيرة النبوية.
942 ## - بيانات إضافية (كوها)
نوع التنصيف Dewey Decimal Classification
نوع المادة (كوها) كتب
المقتنيات
حالة السحب حالة الفقدان مصدر التصنيف حالة التلف غير قابل للإعارة المكتبة الرئيسية المكتبة الحالية موقع الرف تاريخ التزويد الرقم المتسلسل Total Checkouts رقم الإستدعاء تاريخ آخر ظهور تاريخ الفاتورة نوع المادة (كوها) العملة الباركود
    Dewey Decimal Classification     المكتبة المركزية المكتبة المركزية   30/12/2025 1454070   219 ع ق ي 30/12/2025 30/12/2025 كتب JOD PLD00189874
    Dewey Decimal Classification Unchecked   مكتبة الحسن العامة مكتبة الحسن العامة الإعارة 06/07/2004 11268   219/عقي 28/07/2025 06/07/2004 كتب    
Implemented & Customized by: BBB with SCIT (Smart Chains for Information Technology)

Powered by Koha